000 00422nam a22001577a 4500
020 _a9789385389269
082 _aH 891.430 92
_bJYO/A
100 _aJyoti Vyas
245 _aAdhunik Hindi Sahitya mem Aatmakadha aur Samsmarn vidha/
_cby Jyoti Vyas
260 _aKanpur:
_bAman Prakasan,
_c2015.
300 _a232p.
650 _aAutobiographies Hindi
650 _aLiterature Hindi
650 _aLiterature
942 _cBK
999 _c63324
_d63324